01317nab a22002657a 4500999001500000003000400015005001700019008004100036040000700077100003000084245010400114260007200218300001300290500005100303505024900354505008900603650003000692650002800722650004300750650003100793650002800824650004200852773014400894942001301038 c6030d6030OSt20260116203432.0190605e xxu||||| |||| 00| 0 spa d cPJ aIbañez, Priscila 9617513aEl DNU 340/25 : bmás servicios esenciales, menos derechos fundamentales /cPriscila Ibáñez.  aCiudad Autónoma de Buenos Aires :bThomson Reuters La Ley,c2025. ap. 27-32 aCita Online: Cita: TR LALEY AR/DOC/1992/2025. aSumario: I. Introducción.— II. La tutela de la libertad sindical.— III. Cuestiones de constitucionalidad en torno al DNU.— IV. La noción de esencialidad: los lineamientos de la OIT y el quiebre del DNU.— V. Consideraciones finales.  t¿Te interesa el texto completo? Solicitalo al correo: koha@justierradelfuego.gov.ar 094583aDERECHOS SINDICALES 094564aDERECHO DE HUELGA 091462aCONFLICTOS COLECTIVOS DE TRABAJO 095622aSERVICIOS ESENCIALES 091340aMEDIDAS DE FUERZA 09200aDECRETOS DE NECESIDAD Y URGENCIA0 0271193168dCiudad Autónoma de Buenos Aires : Thomson Reuters La Ley, 1999-2002.tRevista de derecho del trabajo. Nº 5 - Septiembre 2025 2udccANA